Doce cuentos peregrinos /
Guardado en:
| Autor Principal: | |
|---|---|
| Formato: | Libro |
| Publicado: |
Buenos Aires :
Sudamericana,
2003
|
| Edición: | 4a. ed. |
| Series: | Contemporánea
|
| Materias: | |
| Etiquetas: |
Agregar Etiqueta
Sin Etiquetas, Sea el primero en etiquetar este registro!
|
| LEADER | 01284nam a22002895a 4500 | ||
|---|---|---|---|
| 001 | CEM.cems007246 | ||
| 005 | 20100923130802.0 | ||
| 008 | 130507s2003##################000#0#####d | ||
| 003 | CEMS | ||
| 020 | |a 9871138091 | ||
| 082 | 0 | 4 | |a C863.4 |
| 100 | 1 | |a García Márquez, Gabriel | |
| 245 | 1 | 0 | |a Doce cuentos peregrinos / |c Gabriel García Márquez |
| 250 | |a 4a. ed. | ||
| 260 | |a Buenos Aires : |b Sudamericana, |c 2003 | ||
| 300 | |a 245 p. | ||
| 490 | 0 | |a Contemporánea | |
| 505 | 0 | |a Buen viaje, señor presidente -- La santa -- El avión de la bella durmiente -- Me alquilo para soñar -- Sólo vine a hablar por teléfono -- Espantos de agosto -- María dos Prazeres -- Diecisiete ingleses envenenados -- Tramontana -- El verano feliz de la señora Forbes -- La luz es como el agua -- El rastro de tu sangre en la nieve | |
| 653 | |a Cuento colombiano-siglo 20 | ||
| 653 | |a Cuentos | ||
| 653 | |a Literatura | ||
| 653 | |a Literatura colombiana | ||
| 653 | |a Literatura hispanoamericana | ||
| 859 | |a CEMS |b BIB. CEMS - 11 de abril |h C863.4 |i G165a4 |p 17058.93 |t Ej.1 | ||
| 859 | |a CEMS |b BIB. CEMS - 11 de abril |h C863.4 |i G165a4 |p 17937.94 |t Ej.2 | ||
| 859 | |a CEMS |b BIB. CEMS - 11 de abril |h C863.4 |i G165a4 |p 18030.94 |t Ej.3 | ||
| 859 | |a CEMS |b BIB. CEMS - 11 de abril |h C863.4 |i G165a4 |p 22490.04 |t Ej.4 | ||
